Manual de laboratorio de materiales dentales (Registro nro. 8249)
[ vista simple ]
| 000 -CABECERA | |
|---|---|
| campo de control de longitud fija | 01424nam a2200313 i 4500 |
| 005 - FECHA Y HORA DE ACTUALIZACIÓN | |
| campo de control | 20220128144000.0 |
| 008 - LONGITUD FIJA | |
| campo de control de longitud fija | 160602s2016 sp 000 0 spa | |
| 020 ## - INTERNATIONAL STANDARD BOOK NUMBER | |
| Número Internacional Estándar del Libro | 9786074485462 |
| 041 ## - IDIOMA | |
| Código de idioma del texto/pista de sonido o título separado | |
| 082 ## - CLASIFICACIÓN DECIMAL DEWEY | |
| Número de clasificación | 617.695 T814m11 |
| 100 1# - AUTOR PERSONAL | |
| Nombre de persona | Treviño Elizondo, Ricardo. |
| 245 10 - TÍTULO PROPIAMENTE DICHO | |
| Título | Manual de laboratorio de materiales dentales |
| 250 ## - EDICIÓN | |
| Mención de edición | 11ª edición |
| 260 ## - PIE DE IMPRENTA | |
| Lugar de publicación, distribución, etc. | México |
| Nombre del editor, distribuidor, etc. | Manual Moderno |
| Fecha de publicación, distribución, etc. | 2016 |
| 300 ## - DESCRIPCIÓN FÍSICA | |
| Extensión | 156 páginas |
| 650 ## - Materia General | |
| Materia general | MATERIALES DENTALES |
| 650 ## - Materia General | |
| Materia general | YESO TALLER |
| 650 ## - Materia General | |
| Materia general | MODELINAS |
| 650 ## - Materia General | |
| Materia general | HIDROCOLOIDES |
| 650 ## - Materia General | |
| Materia general | RESINAS DENTALES |
| 650 ## - Materia General | |
| Materia general | ELASTÓMEROS |
| 650 ## - Materia General | |
| Materia general | SILICONAS |
| 650 ## - Materia General | |
| Materia general | AMALGAMA DENTAL |
| 650 ## - Materia General | |
| Materia general | INCRUSTACIÓN METÁLICA |
| 650 ## - Materia General | |
| Materia general | CEMENTOS DENTALES |
| 650 ## - Materia General | |
| Materia general | BARNIZ CAVITARIO |
| 942 ## - Punto de Acceso Adicional Koha | |
| Tipo de ítem Koha | Libro |
| Estado perdido | Estado dañado | No para préstamo | Biblioteca permanente | Biblioteca actual | Signatura completa | Código de barras | Precio efectivo a partir del | Tipo de ítem |
|---|---|---|---|---|---|---|---|---|
| Departamento de Biblioteca y Documentación Alfonso Chase Brenes | Departamento de Biblioteca y Documentación Alfonso Chase Brenes | 617.695 T814m11 | 21258 | 02/06/2016 | Libro | |||
| Departamento de Biblioteca y Documentación Alfonso Chase Brenes | Departamento de Biblioteca y Documentación Alfonso Chase Brenes | 617.695 T814m11 | 21259 | 02/06/2016 | Libro | |||
| Departamento de Biblioteca y Documentación Alfonso Chase Brenes | Departamento de Biblioteca y Documentación Alfonso Chase Brenes | 617.695 T814m11 | 21260 | 02/06/2016 | Libro | |||
| Departamento de Biblioteca y Documentación Alfonso Chase Brenes | Departamento de Biblioteca y Documentación Alfonso Chase Brenes | 617.695 T814m11 | 25440 | 09/02/2022 | Libro |